header

Summary of discussions at a planning meeting on cyber-security and the insider threat to classified information (Record no. 44213)

MARC details
000 -LEADER
fixed length control field 01148nam a2200253Ia 4500
245 00 - TITLE STATEMENT
Title Summary of discussions at a planning meeting on cyber-security and the insider threat to classified information
260 ## - PUBLICATION, DISTRIBUTION, ETC. (IMPRINT)
Place of publication Washington, D.C. :
Name of publisher National Academy Press,
Year of publication c2000.
300 ## - PHYSICAL DESCRIPTION
Number of Pages 16 p.
650 #0 - SUBJECT ADDED ENTRY--TOPICAL TERM
Topical Term Computer security.
Topical Term Information warfare.
856 40 - ELECTRONIC LOCATION AND ACCESS
Uniform Resource Identifier http://site.ebrary.com/lib/rucke/Doc?id=10071977

No items available.

© 2026 Rongo University
Contact us: librarian | system librarian | Rongo university